000 00337nam a2200145Ia 4500
005 20260328104325.0
008 260328s9999||||xx |||||||||||||| ||und||
100 _aKingsley, Rebecca
245 0 _aPintura y DiseƱo /
_cRebecca Kingsley
250 _a1a ed.
260 _bEdimat
300 _a64 p.
650 _aPINTURA
942 _cBK
999 _c11491
_d11491